| 000 | 02337cam a22005654i 4500 | ||
|---|---|---|---|
| 003 | PE-LiUPU | ||
| 005 | 20250731180150.0 | ||
| 008 | 150706s r 000 0 d | ||
| 020 | _a9789587613254 | ||
| 035 | _a(Sirsi) i9789587613254 | ||
| 040 |
_aPE-LiUPU _bspa _cPE-LiUPU _erda |
||
| 049 | _aPRUA | ||
| 082 | 0 | 4 |
_a519.53 _bD68 _221 |
| 100 | 1 |
_aDíaz Monroy, Liis Guillermo, _eautor. |
|
| 245 | 1 | 0 |
_aAnálisis estadístico de datos multivariados / _cLuis Guillermo Díaz Monroy y Mario Alfonso Morales Rivera. |
| 264 | 1 |
_aBogotá : _bUniversidad Nacional de Colombia, _c2012. |
|
| 300 |
_a635 páginas : _bilustraciones ; _c25 cm. |
||
| 336 |
_atext _2rdacontent |
||
| 337 |
_aunmediated _2rdamedia |
||
| 338 |
_avolume _2rdacarrier |
||
| 490 | 0 | _aColección Textos | |
| 504 | _aIncluye bibliografía. | ||
| 505 | 0 | _aInferencia multivariada -- Conceptos preliminares -- Distribuciones multivariantes -- Inferencia sobre el vector de medias -- Análisis de varianza multivariado -- Inferencia sobre [sigma] -- Análisis de correlación y dependencia vía cópulas -- Métodos multivariados -- Análisis de componentes principales -- Análisis de correspondencias -- Análisis de factores comunes y únicos -- Análisis de correlación canónica -- Análisis de conglomerados -- Análisis discriminante -- Escalamiento multidimensional. | |
| 526 | _aSEG44 | ||
| 526 | _aSEG26 | ||
| 526 | _aP159 | ||
| 526 | _aP155 | ||
| 526 | _aP154 | ||
| 526 | _aP153 | ||
| 526 | _aP150 | ||
| 526 | _aP100 | ||
| 526 | _aP31 | ||
| 526 | _aP30 | ||
| 526 | _aP26 | ||
| 526 | _aP25 | ||
| 526 | _aP24 | ||
| 526 | _aP22 | ||
| 526 | _aP15 | ||
| 526 | _aP10 | ||
| 541 | _g015-0015322; | ||
| 650 | 1 | 4 | _aAnálisis multivariante. |
| 650 | 2 | 4 |
_aEstadística matemática. _91317 |
| 700 | 1 |
_aMorales Rivera, Mario Alfonso, _eautor. |
|
| 910 |
_clch _d20130530 |
||
| 942 |
_2ddc _cBOOK |
||
| 949 |
_a519.53 D68 _wDEWEY _c1 _i67247 _lCCODEBUL1 _mBUL _p48.00 _r0 _sY _tBOOK _u2015-7-6 _xINGENIERIA _zUNKNOWN _o.STAFF. Colección General |
||
| 994 |
_aC0 _bPEPRU |
||
| 596 | _a1 | ||
| 999 |
_a519.53 D68 _wDEWEY _c54835 _i67247 _d54835 _e2016-11-3 _f2021-11-5 _g7 _lCCODEBUL1 _mBUL _n3 _p48.00 _r0 _sN _tBOOK _u2015-7-6 _xBIBLIOTECA _zUNKNOWN _0COMPRA _o.STAFF. Colección General |
||
| 980 |
_81 _gALBERTO SANCHEZ Responsable de Automatización |
||